Missing Word: 2017 Emmys Quiz Stats

 Plays Quiz Updated Sep 17, 2017

Challenge
Share
Tweet
Embed
Score 0/24 Timer 03:00
0 Plays Today
Show Word % Correct
Modern ____Family
95.3%
Born This ____Way
94.5%
Who Do You ____ You Are?Think
94.4%
Silicon ____Valley
93.9%
____ Is UsThis
92.3%
____ Call SaulBetter
88.8%
The ____ Show with Stephen ColbertLate
86.2%
Deadliest ____Catch
85.8%
The Handmaid's ____Tale
84.5%
American ____ WarriorNinja
81.5%
____ TankShark
78.8%
____ RoadshowAntiques
78.6%
Show Word % Correct
____ RunwayProject
76.8%
Stranger ____Things
76.7%
Lip Sync ____Battle
76.1%
____, Drive-Ins and DivesDiners
74.5%
____ Week Tonight with John OliverLast
73.8%
Big ____ LiesLittle
73.2%
____ Kimmy SchmidtUnbreakable
65%
Full Frontal with ____ BeeSamantha
64.7%
____ of NoneMaster
63.5%
____ Drag RaceRuPaul's
54.8%
____: Bette and JoanFEUD
40.4%
The ____ OfNight
34.4%

Today's Daily Dose

Missing Word
Top 10 Artists

Word Ladder
'70s Song II

On This Day
October 20th II

You're not logged in!

Compare scores with friends on all Sporcle quizzes.
Join for Free
OR
Log In

You Might Also Like...

Show Comments

Extras

Top Quizzes Today


Score Distribution

Your Account Isn't Verified!

In order to create a playlist on Sporcle, you need to verify the email address you used during registration. Go to your Sporcle Settings to finish the process.

Report this User

Report this user for behavior that violates our Community Guidelines.

Details: